000 01545nam a2200361Ia 4500
001 ebr10589312
003 CaPaEBR
006 m u
007 cr cn|||||||||
008 100315s2010 sz sb 001 0 eng d
010 _z 2010011041
020 _z3034300603 (alk. paper)
020 _z9783034300605 (alk. paper)
020 _z9783035100693
040 _aCaPaEBR
_cCaPaEBR
035 _a(OCoLC)811388203
050 1 4 _aPE1404
_b.O98 2010eb
100 1 _aOwtram, Nicola T.,
_d1957-
245 1 4 _aThe pragmatics of academic writing
_h[electronic resource] :
_ba relevance approach to the analysis of research article introductions /
_cNicola T. Owtram.
260 _aBern ;
_aNew York :
_bPeter Lang,
_cc2010.
300 _a311 p.
490 1 _aLinguistic insights : studies in language and communication ;
_vv. 107
504 _aIncludes bibliographical references and index.
533 _aElectronic reproduction.
_bPalo Alto, Calif. :
_cebrary,
_d2011.
_nAvailable via World Wide Web.
_nAccess may be limited to ebrary affiliated libraries.
650 0 _aEnglish language
_xRhetoric
_xStudy and teaching.
650 0 _aAcademic writing
_xStudy and teaching.
650 0 _aEnglish language
_xStyle
_xStudy and teaching.
650 0 _aReport writing
_xStudy and teaching.
655 7 _aElectronic books.
_2local
710 2 _aebrary, Inc.
830 0 _aLinguistic insights ;
_vv. 107.
856 4 0 _uhttp://site.ebrary.com/lib/rucke/Doc?id=10589312
_zAn electronic book accessible through the World Wide Web; click to view
999 _c209100
_d209100